Statistiques concernant Les plus grandes villes sur le Danube

Cliquez ici pour prendre le quiz!

Statistiques générales

  • Ce quiz a été pris 74 fois
  • Le résultat moyen est 6 sur 12

Statistiques - réponses

Population (2015)PaysVille sur le Danube% Correct
432,000SlovaquieBratislava
100%
1,760,000HongrieBudapest
100%
1,863,000AutricheVienne
100%
1,166,000SerbieBelgrade
98%
200,000AutricheLinz
65%
250,000SerbieNovi Sad
42%
122,000AllemagneUlm
29%
145,000AllemagneRatisbonne
26%
132,000AllemagneIngolstadt
22%
155,000BulgarieRoussé
15%
129,000HongrieGyör
14%
105,000SerbieDrobeta Turnu Severin
3%

Distribution des résultats

Percentile par nombre de réponses

% des personnes avec chaque résultat

Votre développement - résultats

Vous n’avez pas pris ce quiz